MARC

LEADER 00000nam0a2200000 4500
001 315861
005 20231102002823.0
035 |a (RuTPU)RU\TPU\book\341298 
090 |a 315861 
100 |a 20160311d m y0rusy50 ca 
101 1 |a rus  |c fre 
102 |a RU 
105 |a a z 000zy 
200 1 |a Термодинамика  |f A. Witz (Витц)  |g пер. с 2-го франц. изд. А. Рейдель 
210 |a Москва  |c Типография "Рассвет"  |c Тип. Ясногородского 
215 |a 127, III с.  |c ил. 
225 1 |a Научно-техническая библиотека  |h № 1 
300 |a Текст в русской дореформенной орфографии 
316 |5 63413507: М-132637  |a На титульном листе владельческая подпись: "Бутаков" 
317 |5 63413507: М-132637  |a Поступила в НТБ в 1970 г. в составе книжного собрания профессора ТПИ И. Н. Бутакова 
606 1 |a Термодинамика  |2 stltpush  |3 (RuTPU)RU\TPU\subj\59922  |9 77416 
610 1 |a теплота 
610 1 |a работа 
610 1 |a цикл Карно 
610 1 |a энтропия 
610 1 |a газы 
610 1 |a твердые тела 
610 1 |a жидкости 
610 1 |a насыщенные пары 
610 1 |a исследование 
610 1 |a владельческая надпись 
610 1 |a библиотека И. Н. Бутакова 
675 |a 536.7  |v 4 
700 1 |a Witz (Витц)  |b A.  |g Aimè 
702 1 |a Рейдель  |b А.  |4 730 
801 1 |a RU  |b 63413507  |c 20160311 
801 2 |a RU  |b 63413507  |c 20190801  |g RCR 
942 |c BK